Responses for show #8080 - Friday, October 25, 2019

Contestants

[<< previous game]

Erin Golsen, a substitute teacher from Fairfax, Virginia

Kris Prue, a customer service representative from Toronto, Ontario, Canada

Jamie Tyrrell, a test prep instructor from Rochester, New York (whose 1-day cash winnings total $9,999)

[next game >>]

Jeopardy! Round responses

SMOKEY BEAR: 75TH YEAR PREVENTING WILDFIRES
FOREIGN WORDS & PHRASES
LET'S TALK ABOUT FLIGHT CLUB
DAM THAT RIVER!
'90s NEWSMAKERS
THE EASTERN CONFERENCE
    $200 19
the Second World War

Kris
    $200 3
(Jamie: What is espresso?)

latte

JamieErin
    $200 11
Air Force One

Kris
    $200 14
the Nile

Kris
    $200 1
Prince Charles & Princes Diana

Erin
    $200 16
the Pro Bowl

Jamie
    $400 20
the New York Fire Department

Kris
    $400 4
origami

Jamie
    $400 12
Honolulu

Jamie
    $400 15
the Mississippi

Erin
    $400 7
Newt Gingrich

Jamie
    $400 27
(Kris: Who is Muggsy Bogues?)

Allen Iverson

Kris
Triple Stumper
    $600 21
Bambi

Jamie
    $600 2
(Kris: What is a schlemiel?)

a klutz

Kris
Triple Stumper
    $600 13
Lindbergh

Kris
    $600 24
the Yangtze

Erin
    $600 8
Tonya Harding

Jamie
    $600 28
the Big East

Triple Stumper
    $800 22
New Mexico

Jamie
    $800 5
the Kraken

Jamie
    $1,600 17
Black Hawks

Jamie
    $800 25
the Volga

Kris
    $800 9
Boris Yeltsin

Kris
    $800 29
the MLS (Major League Soccer)

Kris
    $1000 23
(Sam) Elliott

Kris
    $1000 6
feng shui

Jamie
    $1000 18
the Spruce Goose

Erin
    $1000 26
(Erin: What is the Congo?)

the Zambezi

Erin
Triple Stumper
    $1000 10
the Dayton Accords

Erin
    $1000 30
(Alex: Yeah, it's a good thing you didn't miss that one.)
[Laughter]

Leonard

Kris

Scores at the first commercial break (after clue 15):

Jamie Kris Erin
$3,400 $1,200 $1,800

Scores at the end of the Jeopardy! Round:

Jamie Kris Erin
$6,600 $5,000 $2,400

Double Jeopardy! Round responses

KIDD STUFF
ANCIENT ROME FICTION
ONCE UPON A TIME...
FROM B TO A
(Alex: Each correct response beginning with a "B" and ending with a letter "A".)
ANIMAL COMMUNITY
THE WESTERN CONFERENCE
    $400 26
New York

Jamie
    $400 11
The Ides of March

Erin
    $400 6
Rumpelstiltskin

Jamie
    $400 1
bacteria

Jamie
    $400 16
a den

Kris
    $400 21
the United Nations

Kris
    $800 27
a destroyer

Kris
    $2,000 12
Spartacus

Erin
    $800 7
Quentin Tarantino

Jamie
    $800 2
a basilica

Erin
    $800 17
schooling fish

Kris
    $800 22
‎(Simón) Bolivar

Kris
    $1200 28
Jason Kidd

Triple Stumper
    $1200 13
the Appian Way

Erin
    $1200 8
Antonio Banderas

Kris
    $1200 3
a balalaika

Kris
    $1200 18
a tarantula

Triple Stumper
    $1200 23
Austin, Texas

Erin
    $1600 29
the ACLU (American Civil Liberties Union)

Kris
    $1600 14
Britain

Kris
    $1600 9
Jet Li

Kris
    $1600 4
Brahma

Kris
    $5,000 19
imprinting

Kris
    $1600 24
the Ottoman Empire

Kris
    $2000 30
Sue Monk Kidd

Kris
    $2000 15
I, Claudius

Kris
    $2000 10
Sergio Leone

Kris
    $2000 5
(Alex: Yep. A lot of them here in Southern California.)

Bougainvillea

Jamie
    $2000 20
(Erin: What is a crane?)
(Jamie: What is a heron?)

the egret

JamieErin
Triple Stumper
    $2000 25
(Kris: Who is Newsom?)

(Jay) Inslee

KrisErin

Scores at the end of the Double Jeopardy! Round:

Jamie Kris Erin
$8,600 $27,600 $8,000
(lock game)

[wagering suggestions for these scores]

Final Jeopardy! Round responses

BRITISH HISTORY
(Alex: [To Jamie] You wrote it differently. You made it sound like getting voting rights would make you sore. Suffer someone.)
[Laughter]
...
(Alex: [Seeing Kris's response] He misspelled it also, but we don't penalize for that. That's the Canadian spelling, obviously.)
[Laughter]
ErinWhat is suffrage
$7,990
JamieWhat is sufferage?
$8,000
KrisWhat is sufferage?
$10,000
Suffrage

Final scores:

Jamie Kris Erin
$16,600 $37,600 $15,990
2nd place: $2,000 New champion: $37,600 3rd place: $1,000

Game dynamics:

Coryat scores:

Jamie Kris Erin
$7,800 $24,200 $6,800
15 R
(including 1 DD),
2 W
26 R
(including 1 DD),
3 W
12 R
(including 1 DD),
2 W

Combined Coryat: $38,800

The J! Archive is created by fans, for fans. The Jeopardy! game show and all elements thereof, including but not limited to copyright and trademark thereto, are the property of Jeopardy Productions, Inc. and are protected under law. This website is not affiliated with, sponsored by, or operated by Jeopardy Productions, Inc. Join the discussion at JBoard.tv.